000 00590cam a2200181 4500500
005 20260111080322.0
041 _afre
042 _adc
100 1 0 _aMattret, Jean-Bernard
_eauthor
245 0 0 _aLa dette publique : un non-sujet ?
260 _c2019.
500 _a8
690 _abudget de l’État
690 _adette publique
690 _afinances publiques
786 0 _nGestion & Finances Publiques | 2 | 2 | 2019-03-01 | p. 20-27 | 1969-1009
856 4 1 _uhttps://droit.cairn.info/revue-gestion-et-finances-publiques-2019-2-page-20?lang=fr&redirect-ssocas=7080
999 _c1616139
_d1616139